000 00464nmm a2200169Ia 4500
008 251105s9999||||xx |||||||||||||||||und||
020 _a9788431542146
041 _aspa
100 _aRognoni, Patrizia
245 0 _aLa naturaleza en casa
264 _a[Madrid, España] :
_bDe Vecchi,
_c2010
300 _a64 páginas
490 _aMantener la casa a coste cero
650 _aFamily
856 _uhttps://public.digitaliapublishing.com/a/39744
942 _cCF
999 _c81617
_d81617